| 000 | 00545 a2200157 4500 | ||
|---|---|---|---|
| 005 | 20250618160915.0 | ||
| 020 | _a0-273-68772-7 | ||
| 082 | _a658.802 FIL | ||
| 100 | _aFILL, C. | ||
| 245 | _aMarketing Communications: engagement, strategies and practice. | ||
| 250 | _a4th Ed. | ||
| 260 |
_aEngland, _bPrentice-Hall, _c2005. |
||
| 300 |
_axxxvii, 911p.: ill.; picture, table, figure _bIndex & References _c26cm. |
||
| 856 |
_yAccess online book _fMarketing Communications: engagement, strategies and practice _dwww.pearsoned.co.uk |
||
| 942 |
_2ddc _cBKS |
||
| 999 |
_c223 _d223 |
||